[Event "12th 4NCL Congress"]
[Site "Harrogate"]
[Date "2017.01.07"]
[Round "3"]
[Board "14"]
[White "Procter, Colin S"]
[Black "Burrows, Nick"]
[Result "1-0"]
[WhiteElo "1731"]
[BlackElo "1871"]
[PlyCount "81"]
[EventDate "2017.01.06"]
[EventRounds "5"]
[EventCountry "ENG"]

1. c4 f5 2. Nf3 Nf6 3. g3 d6 4. d3 e5 5. Nc3 Be7 6. Bg2 O-O 7. Nd5 a5 8. O-O
Na6 9. Nxe7+ Qxe7 10. Bg5 h6 11. Bd2 Nc5 12. d4 Nce4 13. dxe5 dxe5 14. Qc2 Nxd2
15. Nxd2 c6 16. Rad1 Be6 17. e3 Nd7 18. b3 Qf7 19. c5 a4 20. Rb1 axb3 21. axb3
Ra5 22. b4 Ra2 23. Rb2 Rfa8 24. Rfb1 Nf6 25. Bf1 Rxb2 26. Rxb2 Ra1 27. Kg2 Bd5+
28. f3 Ng4 29. Qc3 Rd1 30. h3 Nf6 31. Qxe5 Qh5 32. Qf4 Qe8 33. Bd3 Re1 34. Nf1
Qa8 35. Re2 Rxe2+ 36. Bxe2 Qa2 37. Kf2 Bb3 38. Qd4 Nd5 39. Nd2 Ba4 40. e4 fxe4
41. fxe4 1-0

[Event "12th 4NCL Congress"]
[Site "Harrogate"]
[Date "2017.01.07"]
[Round "3"]
[Board "16"]
[White "MATTHEWS, Graham W"]
[Black "Dennison, Warren B"]
[Result "0-1"]
[WhiteElo "1637"]
[BlackElo "1937"]
[PlyCount "52"]
[EventDate "2017.01.06"]
[EventRounds "5"]
[EventCountry "ENG"]

1. d4 d5 2. Nf3 Nf6 3. Bg5 e6 4. g3 Nbd7 5. Bg2 Bd6 6. Nbd2 c6 7. c3 e5 8. dxe5
Nxe5 9. Nxe5 Bxe5 10. f4 Bc7 11. e4 dxe4 12. Bxf6 Qxf6 13. Nxe4 Qg6 14. Qd2 O-O
15. O-O Bf5 16. Ng5 Rad8 17. Qc1 Rfe8 18. Re1 f6 19. Nf3 Bg4 20. Rxe8+ Qxe8 21.
Qe1 Bb6+ 22. Kf1 Qd7 23. Qe4 Qd3+ 24. Qxd3 Rxd3 25. Ke2 Re3+ 26. Kd2 Bxf3 0-1

[Event "12th 4NCL Congress"]
[Site "Harrogate"]
[Date "2017.01.07"]
[Round "3"]
[Board "17"]
[White "May, Paul"]
[Black "Stone, Ian C"]
[Result "1-0"]
[WhiteElo "1795"]
[BlackElo "1840"]
[PlyCount "55"]
[EventDate "2017.01.06"]
[EventRounds "5"]
[EventCountry "ENG"]

1. d4 Nf6 2. c4 e6 3. Nc3 Bb4 4. f3 O-O 5. a3 Bxc3+ 6. bxc3 h6 7. e4 d6 8. Be3
b6 9. Bd3 e5 10. Qd2 Nc6 11. Nh3 Nh7 12. Nf2 Na5 13. Rb1 c5 14. O-O Be6 15. d5
Bd7 16. f4 exf4 17. Bxf4 Bc8 18. Qe3 f6 19. Qg3 Ng5 20. Bxd6 Re8 21. h4 Nf7 22.
Bf4 Kh8 23. e5 fxe5 24. Qg6 e4 25. Bxe4 Rxe4 26. Nxe4 Qg8 27. Bc7 Nd8 28. Bd6
 1-0

[Event "12th 4NCL Congress"]
[Site "Harrogate"]
[Date "2017.01.07"]
[Round "3"]
[Board "18"]
[White "Desmedt, Richard E"]
[Black "Dunkley, Michael"]
[Result "1/2-1/2"]
[WhiteElo "1839"]
[BlackElo "1798"]
[PlyCount "45"]
[EventDate "2017.01.06"]
[EventRounds "5"]
[EventCountry "ENG"]

1. d4 d6 2. e4 Nf6 3. Nc3 e5 4. dxe5 dxe5 5. Qxd8+ Kxd8 6. Bc4 Be6 7. Bxe6 fxe6
8. Nf3 Bd6 9. Bg5 Ke7 10. O-O-O Nbd7 11. Nb5 Nc5 12. Rhe1 a6 13. Nxd6 cxd6 14.
Nd2 b5 15. Nb3 Nxb3+ 16. axb3 Rac8 17. Re3 Rc6 18. Rc3 Rxc3 19. bxc3 Rd8 20. f3
h6 21. Be3 Rc8 22. Kb2 Rc6 23. Rd3 1/2-1/2

[Event "12th 4NCL Congress"]
[Site "Harrogate"]
[Date "2017.01.07"]
[Round "3"]
[Board "19"]
[White "CORCORAN, Gary"]
[Black "Clarke, Paul Rh"]
[Result "0-1"]
[WhiteElo "1836"]
[BlackElo "1729"]
[PlyCount "42"]
[EventDate "2017.01.06"]
[EventRounds "5"]
[EventCountry "ENG"]

1. e4 d5 2. exd5 Qxd5 3. Nc3 Qd8 4. Bc4 Nf6 5. d4 Bf5 6. Nf3 e6 7. O-O c6 8.
Re1 Be7 9. Bg5 O-O 10. Nh4 Bg6 11. Nxg6 hxg6 12. Qe2 Re8 13. Rad1 Nd5 14. Bxe7
Rxe7 15. Qg4 Nd7 16. Rd3 N7f6 17. Qh4 Rd7 18. Rh3 Nh5 19. Qg4 Ndf6 20. Qg5 Rxd4
21. Qe3 Rxc4 0-1

[Event "12th 4NCL Congress"]
[Site "Harrogate"]
[Date "2017.01.07"]
[Round "3"]
[Board "20"]
[White "Raghavendra, Mahima G"]
[Black "Ashcroft, Graham J"]
[Result "1/2-1/2"]
[WhiteElo "1517"]
[BlackElo "1801"]
[PlyCount "60"]
[EventDate "2017.01.06"]
[EventRounds "5"]
[EventCountry "ENG"]

1. e4 e6 2. d4 d5 3. e5 c5 4. c3 Nc6 5. Nf3 Bd7 6. a3 c4 7. Be2 f6 8. Be3 fxe5
9. Nxe5 Nxe5 10. dxe5 Ne7 11. Bg5 Qc7 12. Bh5+ g6 13. Bf6 Rg8 14. Bg4 Nc6 15.
f4 Qb6 16. Qe2 Be7 17. Bxe7 Nxe7 18. Qf2 Qxf2+ 19. Kxf2 O-O-O 20. h4 Rdf8 21.
Ke3 Nf5+ 22. Bxf5 gxf5 23. Kf2 Bc6 24. Rg1 b5 25. Nd2 Rg4 26. g3 a5 27. Nf3 h6
28. Nd4 Bd7 29. Rab1 a4 30. Ke3 Kc7 1/2-1/2

[Event "12th 4NCL Congress"]
[Site "Harrogate"]
[Date "2017.01.07"]
[Round "3"]
[Board "21"]
[White "Robinson, Brian"]
[Black "Bowman, Richard L"]
[Result "0-1"]
[WhiteElo "1565"]
[BlackElo "1817"]
[PlyCount "74"]
[EventDate "2017.01.06"]
[EventRounds "5"]
[EventCountry "ENG"]

1. d4 d6 2. e4 Nf6 3. Nc3 Nbd7 4. Nf3 e5 5. Bc4 Be7 6. O-O h6 7. Be3 c6 8. a4
a5 9. d5 c5 10. h3 g5 11. Nh2 Nf8 12. Bb5+ Bd7 13. Ng4 Ng6 14. Nxf6+ Bxf6 15.
Be2 Nf4 16. Bg4 h5 17. Bxd7+ Qxd7 18. Bxf4 gxf4 19. Qe2 Ke7 20. Kh2 Rag8 21.
Qf3 Rg4 22. Rg1 Rh4 23. Ne2 Rg4 24. Nc3 Rh4 25. Rad1 Rg8 26. b3 Rgg4 27. Ne2
Bg5 28. c4 b6 29. Nc3 Rg3 30. fxg3 fxg3+ 31. Kxg3 Rf4 32. Qxh5 Bf6 33. Rdf1 Qd8
34. Rxf4 exf4+ 35. Kxf4 Bxc3 36. Rf1 Ke8 37. Qg5 Bd2+ 0-1

[Event "12th 4NCL Congress"]
[Site "Harrogate"]
[Date "2017.01.07"]
[Round "3"]
[Board "22"]
[White "Allison, Paul A"]
[Black "Potter, Steven"]
[Result "1/2-1/2"]
[WhiteElo "1601"]
[BlackElo "1900"]
[PlyCount "76"]
[EventDate "2017.01.06"]
[EventRounds "5"]
[EventCountry "ENG"]

1. e4 b6 2. b3 Bb7 3. Nc3 e6 4. Bb2 Nf6 5. d3 Nc6 6. Nf3 Bb4 7. a3 Bxc3+ 8.
Bxc3 d5 9. exd5 Qxd5 10. Qd2 O-O-O 11. O-O-O Qd6 12. Bb2 h6 13. Kb1 Rhe8 14.
Be2 e5 15. Qc1 Nd4 16. Nxd4 exd4 17. Bf3 Bxf3 18. gxf3 Nh5 19. Rdg1 f5 20. Qf1
g6 21. Bc1 Nf4 22. Bxf4 Qxf4 23. Rxg6 Qxf3 24. Rg3 Qd5 25. Rhg1 Rd6 26. Qh3 Kb8
27. Qh5 Qe5 28. Qf3 Qd5 29. Qxd5 Rxd5 30. Rg8 Rxg8 31. Rxg8+ Kb7 32. Rh8 Re5
33. Rxh6 Re1+ 34. Kb2 Rf1 35. Rf6 Rxf2 36. h4 Rh2 37. Rxf5 Rxh4 38. b4 a6
 1/2-1/2

[Event "12th 4NCL Congress"]
[Site "Harrogate"]
[Date "2017.01.07"]
[Round "3"]
[Board "23"]
[White "Brooke, John"]
[Black "Nandi, Robin J"]
[Result "0-1"]
[WhiteElo "1655"]
[BlackElo "1839"]
[PlyCount "36"]
[EventDate "2017.01.06"]
[EventRounds "5"]
[EventCountry "ENG"]

1. d4 d5 2. c4 c6 3. Nc3 Nf6 4. cxd5 cxd5 5. e3 Nc6 6. Nf3 e6 7. a3 Bd6 8. Bd3
O-O 9. O-O e5 10. dxe5 Nxe5 11. Nxe5 Bxe5 12. Bd2 Ng4 13. g3 Re8 14. Be2 Nxh2
15. Kxh2 Qh4+ 16. Kg2 Qh3+ 17. Kg1 Bxg3 18. Bf3 Qh2# 0-1

[Event "12th 4NCL Congress"]
[Site "Harrogate"]
[Date "2017.01.07"]
[Round "3"]
[Board "24"]
[White "Patterson, Dave"]
[Black "Bin-Suhayl, Yousuf"]
[Result "1/2-1/2"]
[WhiteElo "1585"]
[BlackElo "1788"]
[PlyCount "37"]
[EventDate "2017.01.06"]
[EventRounds "5"]
[EventCountry "ENG"]

1. e4 e6 2. d4 d5 3. e5 c5 4. c3 Nc6 5. Nf3 Qb6 6. a3 cxd4 7. cxd4 Nge7 8. Nc3
Nf5 9. Na4 Qc7 10. g4 Nh6 11. h3 Bd7 12. b4 Bxb4+ 13. axb4 Nxb4 14. Bd3 Qa5 15.
O-O Nxd3 16. Bxh6 Bxa4 17. Rxa4 Qb5 18. Ra3 Nb2 19. Qc2 1/2-1/2

[Event "12th 4NCL Congress"]
[Site "Harrogate"]
[Date "2017.01.07"]
[Round "2"]
[Board "1"]
[White "Ackley, Peter Je"]
[Black "Muflehi, Khaled"]
[Result "1-0"]
[WhiteElo "1980"]
[BlackElo "1885"]
[PlyCount "139"]
[EventDate "2017.01.06"]
[EventRounds "5"]
[EventCountry "ENG"]

1. g3 g6 2. Bg2 Bg7 3. c4 Nf6 4. Nc3 O-O 5. d3 c6 6. Nf3 d6 7. O-O a5 8. a3 Na6
9. Rb1 Ne8 10. Bd2 f5 11. b4 axb4 12. axb4 e5 13. b5 Nc5 14. Ne1 Bd7 15. Nc2
Nc7 16. bxc6 Bxc6 17. Nb4 Bxg2 18. Kxg2 N7e6 19. Nbd5 f4 20. Nb6 Ra6 21. Nba4
Qd7 22. Nxc5 Nxc5 23. Nd5 f3+ 24. exf3 Nxd3 25. Be3 Ra3 26. Rb3 Rxb3 27. Qxb3
Nc5 28. Bxc5 dxc5 29. Qe3 Qf7 30. Rb1 e4 31. Qxe4 Re8 32. Qd3 Bd4 33. h4 Re5
34. Nf4 Re7 35. Kf1 Qe8 36. Rc1 Qa4 37. Qc2 b5 38. cxb5 Qxb5+ 39. Kg2 Kg7 40.
Qd2 Qa6 41. Re1 Rb7 42. Ne6+ Kf7 43. Qf4+ Bf6 44. Nd8+ Kg7 45. Nxb7 Qxb7 46.
Qc4 Qb4 47. Qxb4 cxb4 48. Rb1 Bc3 49. Kf1 h5 50. Ke2 Kf6 51. Kd3 g5 52. hxg5+
Kxg5 53. Rc1 h4 54. gxh4+ Kxh4 55. Rxc3 bxc3 56. Kxc3 Kg5 57. Kd3 Kf4 58. Ke2
Kf5 59. Ke3 Ke5 60. f4+ Kf5 61. Kf3 Kf6 62. Ke4 Ke6 63. f5+ Kf6 64. Kf4 Kf7 65.
Ke5 Ke7 66. f6+ Kf7 67. Kf5 Kf8 68. Ke6 Ke8 69. f7+ Kf8 70. f3 1-0

[Event "12th 4NCL Congress"]
[Site "Harrogate"]
[Date "2017.01.07"]
[Round "2"]
[Board "2"]
[White "Burrows, Nick"]
[Black "Holroyd, Nigel P"]
[Result "0-1"]
[WhiteElo "1871"]
[BlackElo "1975"]
[PlyCount "58"]
[EventDate "2017.01.06"]
[EventRounds "5"]
[EventCountry "ENG"]

1. f4 d6 2. Nf3 g6 3. g3 Bg7 4. Bg2 e5 5. fxe5 dxe5 6. e4 Nc6 7. d3 Nd4 8. Nxd4
Qxd4 9. Nc3 Be6 10. Qe2 Qd7 11. Be3 a6 12. O-O-O Ne7 13. Kb1 b6 14. h4 h5 15.
Qd2 a5 16. Ne2 Nc6 17. c3 Rd8 18. d4 Bg4 19. d5 Ne7 20. Rhf1 O-O 21. Bf3 Bxf3
22. Rxf3 Qg4 23. Rdf1 Qxe4+ 24. Ka1 Rxd5 25. Qc1 Nf5 26. c4 Rd3 27. Nc3 Qxc4
28. Rxf5 gxf5 29. Bh6 Rxc3 0-1

[Event "12th 4NCL Congress"]
[Site "Harrogate"]
[Date "2017.01.07"]
[Round "2"]
[Board "3"]
[White "Williamson, A Graham"]
[Black "Whitehead, Mark A"]
[Result "1/2-1/2"]
[WhiteElo "1862"]
[BlackElo "1935"]
[PlyCount "39"]
[EventDate "2017.01.06"]
[EventRounds "5"]
[EventCountry "ENG"]

1. d4 Nf6 2. Bf4 d6 3. e3 Nbd7 4. Nf3 g6 5. Bc4 e6 6. Nbd2 Bg7 7. Qe2 O-O 8.
O-O-O a6 9. h4 h5 10. Ng5 Qe7 11. c3 b5 12. Bb3 c5 13. f3 c4 14. Bc2 e5 15.
dxe5 dxe5 16. Bh2 Nc5 17. Nde4 Nfxe4 18. Nxe4 Bf5 19. Nxc5 Bxc2 20. Kxc2
 1/2-1/2

[Event "12th 4NCL Congress"]
[Site "Harrogate"]
[Date "2017.01.07"]
[Round "2"]
[Board "4"]
[White "Ter-Gevorkian, Aram"]
[Black "David, Ivan"]
[Result "0-1"]
[WhiteElo "1927"]
[BlackElo "1869"]
[PlyCount "207"]
[EventDate "2017.01.06"]
[EventRounds "5"]
[EventCountry "ENG"]

1. e4 d6 2. d4 Nf6 3. Nc3 e5 4. dxe5 dxe5 5. Qxd8+ Kxd8 6. Bg5 Be6 7. Nd5 Nbd7
8. O-O-O Kc8 9. f3 c6 10. Ne3 b5 11. Kb1 Bc5 12. Nf5 g6 13. Ng3 Ne8 14. Bd3 f6
15. Bc1 h5 16. N1e2 h4 17. Nf1 g5 18. Be3 Be7 19. Nd2 a5 20. Rc1 Kc7 21. g3 Bc5
22. Bxc5 Nxc5 23. Nb3 Nd7 24. c4 b4 25. c5 a4 26. Nd2 Ra5 27. Bc4 Nxc5 28. Bxe6
Nxe6 29. Rc4 hxg3 30. Nxg3 c5 31. Nf5 Rb5 32. Rcc1 Rh3 33. Rcg1 Rb7 34. Rg3 Rh7
35. Nc4 Nd4 36. Nfe3 Kb8 37. Nd5 Rh4 38. Nce3 Ne2 39. Rg2 Nf4 40. Rd2 Ka7 41.
Rc1 Ne6 42. Ng4 Rbh7 43. Ndxf6 Nxf6 44. Nxf6 Rf7 45. Rd7+ Rxd7 46. Nxd7 Rxh2
47. Nxe5 Kb6 48. Rg1 Kb5 49. Kc1 a3 50. bxa3 Rxa2 51. Kb1 Rxa3 52. Rh1 Nd4 53.
Rh8 Re3 54. Kb2 Re2+ 55. Kb1 Ka4 56. Rc8 Kb3 57. Rxc5 Re1+ 58. Rc1 Re2 59. Nd3
Nxf3 60. Nc5+ Ka3 61. Rd1 Nd2+ 62. Kc2 Nxe4+ 63. Kd3 Nc3 64. Ra1+ Ra2 65. Rg1
Na4 66. Rxg5 Nxc5+ 67. Rxc5 Rh2 68. Ra5+ Kb3 69. Ra8 Rh7 70. Rd8 Rc7 71. Rd6
Kb2 72. Kd2 b3 73. Kd1 Kb1 74. Rd8 b2 75. Kd2 Rc5 76. Rd7 Rb5 77. Rd8 Ka2 78.
Kc3 Rc5+ 79. Kb4 b1=Q+ 80. Kxc5 Qc2+ 81. Kd6 Qg6+ 82. Kd7 Kb3 83. Ke7 Kb4 84.
Kd7 Qf5+ 85. Kd6 Qe4 86. Rd7 Qf5 87. Ke7 Kc5 88. Ke8 Kc6 89. Rf7 Qe6+ 90. Kf8
Qg6 91. Ke7 Qe4+ 92. Kf8 Kd6 93. Rf6+ Kd7 94. Rf7+ Kd8 95. Kg7 Qe6 96. Rf6 Qe7+
97. Rf7 Qe6 98. Rf6 Qg4+ 99. Kf7 Kd7 100. Rg6 Qf5+ 101. Kg7 Ke7 102. Rg2 Qf6+
103. Kh7 Kf7 104. Ra2 0-1

[Event "12th 4NCL Congress"]
[Site "Harrogate"]
[Date "2017.01.07"]
[Round "2"]
[Board "5"]
[White "Wagg, Joel"]
[Black "Burns, Martin J"]
[Result "1-0"]
[WhiteElo "1915"]
[BlackElo "1847"]
[PlyCount "81"]
[EventDate "2017.01.06"]
[EventRounds "5"]
[EventCountry "ENG"]

1. e4 e6 2. d4 d5 3. Nd2 Nf6 4. e5 Nfd7 5. f4 c5 6. c3 Nc6 7. Ndf3 cxd4 8. cxd4
Bb4+ 9. Kf2 O-O 10. g3 f6 11. Kg2 Qb6 12. Bd3 f5 13. Ne2 Be7 14. h3 Kh8 15. g4
g6 16. Bb1 a6 17. Qg1 Na5 18. b3 Qc7 19. h4 Rg8 20. Ng5 Nf8 21. h5 Bxg5 22.
fxg5 b5 23. Ba3 Qd8 24. Bxf8 Qxf8 25. Nf4 gxh5 26. Rxh5 Ra7 27. Qh1 Qb4 28. g6
Rgg7 29. Qh4 Qd2+ 30. Kf3 Qd1+ 31. Ke3 Qc1+ 32. Ke2 Qb2+ 33. Kf3 Qc3+ 34. Bd3
Nc6 35. Rh1 Nxd4+ 36. Kg3 Nc6 37. Qf6 Kg8 38. gxh7+ Rxh7 39. Rxh7 Rxh7 40. Qg6+
Kf8 41. Qxh7 1-0

[Event "12th 4NCL Congress"]
[Site "Harrogate"]
[Date "2017.01.07"]
[Round "2"]
[Board "6"]
[White "Holi, Siefaldin A"]
[Black "Goodfellow, Russell R"]
[Result "0-1"]
[WhiteElo "1733"]
[BlackElo "1905"]
[PlyCount "86"]
[EventDate "2017.01.06"]
[EventRounds "5"]
[EventCountry "ENG"]

1. d4 f5 2. Nc3 Nf6 3. Nf3 e6 4. Bf4 d6 5. e3 Be7 6. Bc4 O-O 7. Qd3 Kh8 8. Ng5
d5 9. Bb3 Ne4 10. Nf3 c5 11. dxc5 Nxc5 12. Qe2 a6 13. Ne5 Bf6 14. h4 Nc6 15.
Nf3 e5 16. Bg5 d4 17. O-O-O Bd7 18. Bxf6 Qxf6 19. Nd5 Qd6 20. Nb6 Rad8 21. Nxd7
Rxd7 22. Ng5 Nxb3+ 23. axb3 Rc8 24. Qc4 Qe7 25. exd4 exd4 26. Rhe1 Qf8 27. Ne6
Qg8 28. Re2 Ne5 29. Qa4 Nc6 30. Nc5 Rdc7 31. Rde1 h6 32. Ne6 Rd7 33. Nf4 Qd8
34. Re8+ Qxe8 35. Rxe8+ Rxe8 36. Ng6+ Kh7 37. h5 Red8 38. Qc4 d3 39. cxd3 Rxd3
40. Kb1 R8d4 41. Qf7 Rd1+ 42. Kc2 Nb4+ 43. Kc3 R1d3# 0-1

[Event "12th 4NCL Congress"]
[Site "Harrogate"]
[Date "2017.01.07"]
[Round "2"]
[Board "7"]
[White "Robson, Paul E"]
[Black "Dean, Robert A"]
[Result "1/2-1/2"]
[WhiteElo "1897"]
[BlackElo "1838"]
[PlyCount "52"]
[EventDate "2017.01.06"]
[EventRounds "5"]
[EventCountry "ENG"]

1. e4 e6 2. d4 d5 3. Nd2 c5 4. Ngf3 Nc6 5. Bb5 Qb6 6. exd5 Qxb5 7. c4 Qb6 8.
dxc6 cxd4 9. cxb7 Bxb7 10. O-O Nf6 11. Nb3 Rc8 12. Qxd4 Qxd4 13. Nfxd4 Rxc4 14.
Rd1 Bd5 15. Be3 a6 16. Rac1 Rxc1 17. Rxc1 Kd7 18. Nd2 Bd6 19. Nc4 Bc7 20. b3
Ng4 21. h3 Nxe3 22. Nxe3 Bb7 23. Nc4 Ra8 24. Ne2 Ke8 25. Nc3 Bf4 26. Rc2 Be4
 1/2-1/2

[Event "12th 4NCL Congress"]
[Site "Harrogate"]
[Date "2017.01.07"]
[Round "2"]
[Board "8"]
[White "Nezis, Anastasios"]
[Black "Jones, Neil T"]
[Result "1/2-1/2"]
[WhiteElo "1904"]
[BlackElo "1788"]
[PlyCount "56"]
[EventDate "2017.01.06"]
[EventRounds "5"]
[EventCountry "ENG"]

1. e4 e5 2. Nf3 Nc6 3. Bc4 Bc5 4. c3 Nf6 5. d3 d6 6. Bb3 a6 7. Nbd2 h6 8. Nf1
Ba7 9. Ne3 Ng4 10. O-O O-O 11. h3 Nxe3 12. Bxe3 Be6 13. Bxe6 fxe6 14. Qb3 Qd7
15. Bxa7 Rxa7 16. Rad1 Qf7 17. d4 exd4 18. Nxd4 Nxd4 19. cxd4 c6 20. d5 exd5
21. exd5 Rc8 22. Qb6 Raa8 23. dxc6 Rxc6 24. Qb4 a5 25. Qa4 Raa6 26. Rd4 d5 27.
Qd1 Rc5 28. Qd2 Rd6 1/2-1/2

[Event "12th 4NCL Congress"]
[Site "Harrogate"]
[Date "2017.01.07"]
[Round "2"]
[Board "9"]
[White "Dunkley, Michael"]
[Black "Heald, Carl"]
[Result "0-1"]
[WhiteElo "1798"]
[BlackElo "1915"]
[PlyCount "107"]
[EventDate "2017.01.06"]
[EventRounds "5"]
[EventCountry "ENG"]

1. d4 Nf6 2. Nf3 g6 3. Nc3 d5 4. Bf4 c6 5. e3 Bg4 6. Be2 Bg7 7. Ne5 Bxe2 8.
Qxe2 Nbd7 9. h3 O-O 10. f3 Nh5 11. g4 Nxf4 12. exf4 f5 13. g5 e6 14. h4 Rc8 15.
h5 Nxe5 16. dxe5 Re8 17. hxg6 hxg6 18. O-O-O Kf7 19. Rh3 Qb6 20. Rdh1 Rh8 21.
Kb1 Rxh3 22. Rxh3 Qg1+ 23. Qd1 Qe3 24. Qc1 Qf2 25. Qh1 Rh8 26. Rxh8 Bxh8 27. a3
Bg7 28. Qd1 Qe3 29. Qc1 Qxf3 30. Qd2 Bf8 31. Qd4 Qf1+ 32. Ka2 Qa6 33. Nd1 c5
34. Qd3 Qb6 35. Qe3 d4 36. Qb3 Qc6 37. Qg3 b5 38. Nf2 c4 39. Qh2 Qf3 40. Qh7+
Bg7 41. Qh2 a5 42. Nh3 b4 43. axb4 axb4 44. Ng1 b3+ 45. Ka3 Bf8+ 46. Ka4 Qc6+
47. Ka5 Qc5+ 48. Ka6 Qc6+ 49. Ka5 Qc5+ 50. Ka6 bxc2 51. Qxc2 d3 52. Qg2 Qe3 53.
Qb7+ Be7 54. Qa7 0-1

[Event "12th 4NCL Congress"]
[Site "Harrogate"]
[Date "2017.01.07"]
[Round "2"]
[Board "10"]
[White "Ashcroft, Graham J"]
[Black "Cowan, Richard M"]
[Result "0-1"]
[WhiteElo "1801"]
[BlackElo "1890"]
[PlyCount "76"]
[EventDate "2017.01.06"]
[EventRounds "5"]
[EventCountry "ENG"]

1. c4 Nf6 2. g3 g6 3. Bg2 Bg7 4. Nc3 O-O 5. e4 c5 6. Nge2 Nc6 7. O-O d6 8. d3
a6 9. h3 Rb8 10. a4 e6 11. Be3 Nd7 12. Qd2 Nd4 13. Ra3 Qa5 14. Bxd4 cxd4 15.
Nb1 Qc7 16. Rc1 a5 17. b4 axb4 18. Qxb4 Nc5 19. Nd2 b6 20. Rca1 Bd7 21. Nf3 e5
22. Qd2 Ra8 23. Qc2 Ra5 24. Nc1 Rfa8 25. Bf1 Bh6 26. Kg2 Bxa4 27. Qb2 Bd7 28.
Rxa5 bxa5 29. Be2 a4 30. Ra3 Rb8 31. Qc2 Qb6 32. g4 Bf4 33. Bd1 Qb4 34. Ra1
Bxc1 35. Rxc1 Qb2 36. Ne1 a3 37. Kf1 Ba4 38. Qe2 Qxc1 0-1

[Event "12th 4NCL Congress"]
[Site "Harrogate"]
[Date "2017.01.07"]
[Round "2"]
[Board "11"]
[White "Jones, Rupert W"]
[Black "Davies, Sam"]
[Result "1/2-1/2"]
[WhiteElo "1842"]
[BlackElo "1757"]
[PlyCount "34"]
[EventDate "2017.01.06"]
[EventRounds "5"]
[EventCountry "ENG"]

1. e4 c6 2. d4 d5 3. exd5 cxd5 4. c3 Qc7 5. Nf3 Bg4 6. Be2 e6 7. Ne5 Bxe2 8.
Qxe2 Nc6 9. Bf4 Bd6 10. Bg3 Nf6 11. Nd2 O-O 12. O-O Nd7 13. Nxd7 Qxd7 14. Bxd6
Qxd6 15. f4 b5 16. Rf2 b4 17. Nb3 bxc3 1/2-1/2

[Event "12th 4NCL Congress"]
[Site "Harrogate"]
[Date "2017.01.07"]
[Round "2"]
[Board "12"]
[White "Stone, Ian C"]
[Black "Stephenson, David W"]
[Result "0-1"]
[WhiteElo "1840"]
[BlackElo "1746"]
[PlyCount "106"]
[EventDate "2017.01.06"]
[EventRounds "5"]
[EventCountry "ENG"]

1. c4 e5 2. Nc3 Nc6 3. g3 f5 4. Bg2 Nf6 5. d3 Bc5 6. e3 O-O 7. Nge2 a6 8. d4
Ba7 9. d5 Ne7 10. O-O d6 11. b4 Qe8 12. Ba3 Qh5 13. h3 f4 14. exf4 Bxh3 15.
fxe5 Ng4 16. Nf4 Rxf4 17. gxf4 Bxg2 18. Kxg2 Qh2+ 19. Kf3 Qh3+ 20. Ke2 Qxc3 21.
Qd3 Qxd3+ 22. Kxd3 Nxf2+ 23. Ke2 Ne4 24. Rf3 Nf5 25. Bb2 Bd4 26. Rb3 Re8 27. e6
c5 28. b5 a5 29. a4 b6 30. Rc1 h5 31. Kd3 Nf6 32. Bxd4 Nxd4 33. Rb2 g6 34. Rg1
Kg7 35. Rbg2 Ng4 36. Re1 Re7 37. Ke4 Kf6 38. Reg1 Rg7 39. Re1 Nf5 40. Reg1 Ke7
41. Re1 Nf6+ 42. Kd3 h4 43. Rh1 Nh5 44. Rg4 Kf6 45. Rh3 Rh7 46. Rh2 h3 47. Kc3
Nhg7 48. Rg1 Rh4 49. Re1 Nh5 50. e7 Nxe7 51. Re6+ Kf7 52. Rxd6 Nxf4 53. Rxb6
Nexd5+ 0-1

[Event "12th 4NCL Congress"]
[Site "Harrogate"]
[Date "2017.01.07"]
[Round "2"]
[Board "13"]
[White "Altham, John T"]
[Black "CORCORAN, Gary"]
[Result "1-0"]
[WhiteElo "1688"]
[BlackElo "1836"]
[PlyCount "68"]
[EventDate "2017.01.06"]
[EventRounds "5"]
[EventCountry "ENG"]

1. e4 c5 2. Nf3 d6 3. Bb5+ Bd7 4. a4 Nc6 5. O-O Nf6 6. Re1 Qc7 7. c3 a6 8. Bf1
g6 9. d4 Bg7 10. d5 Nb8 11. c4 O-O 12. Nc3 Bg4 13. Bf4 Nbd7 14. h3 Bxf3 15.
Qxf3 Nh5 16. Bh2 Ne5 17. Qe3 Qb6 18. Be2 Qxb2 19. Rac1 Qb4 20. g4 Nxc4 21. Bxc4
Qxc4 22. gxh5 Bd4 23. Qf3 f5 24. Ne2 fxe4 25. Rxc4 Rxf3 26. Nxd4 cxd4 27. Rxd4
Rxh3 28. hxg6 hxg6 29. Rdxe4 Rd3 30. Rxe7 Rxd5 31. Rxb7 Rf8 32. Rd7 Rg5+ 33.
Bg3 d5 34. Rb1 Rf4 1-0

[Event "12th 4NCL Congress"]
[Site "Harrogate"]
[Date "2017.01.07"]
[Round "2"]
[Board "14"]
[White "Livesey, R  Nigel"]
[Black "MATTHEWS, Graham W"]
[Result "1-0"]
[WhiteElo "1829"]
[BlackElo "1637"]
[PlyCount "93"]
[EventDate "2017.01.06"]
[EventRounds "5"]
[EventCountry "ENG"]

1. c4 e5 2. g3 c6 3. d4 exd4 4. Qxd4 Nf6 5. Bg2 d6 6. Nc3 Be6 7. Nf3 Nbd7 8.
O-O Nb6 9. b3 d5 10. cxd5 Nbxd5 11. Bb2 Nxc3 12. Qxc3 Nd5 13. Qe5 Rc8 14. Bh3
Qf6 15. Bxe6 Qxe5 16. Bxf7+ Kxf7 17. Nxe5+ Ke6 18. e4 Nf6 19. f3 Bc5+ 20. Kg2
Rcd8 21. Rfd1 Bd6 22. Nc4 Bc7 23. Kf1 b5 24. Ne3 g6 25. Ke2 Rhf8 26. Ba3 Rf7
27. Rxd8 Bxd8 28. Bc5 a6 29. Nc2 Nd7 30. Nd4+ Kf6 31. Nxc6 Bc7 32. Bd4+ Ke6 33.
Nb4 Ne5 34. f4 Ng4 35. Nxa6 Bd6 36. h3 Nf6 37. e5 Ne4 38. exd6 Nxg3+ 39. Kf3
Nf5 40. Be5 g5 41. d7 Kxd7 42. Rd1+ Kc6 43. Nb4+ Kc5 44. Nd3+ Kc6 45. Rc1+ Kd5
46. Nb4+ Ke6 47. Rc6+ 1-0

[Event "12th 4NCL Congress"]
[Site "Harrogate"]
[Date "2017.01.07"]
[Round "2"]
[Board "15"]
[White "Press, Harry"]
[Black "Robinson, Brian"]
[Result "1-0"]
[WhiteElo "1826"]
[BlackElo "1565"]
[PlyCount "71"]
[EventDate "2017.01.06"]
[EventRounds "5"]
[EventCountry "ENG"]

1. d4 d5 2. c4 e6 3. Nf3 Nf6 4. Nc3 Be7 5. Bf4 O-O 6. e3 b6 7. Rc1 Bb7 8. Be2
Nbd7 9. O-O c5 10. h3 Rc8 11. cxd5 Nxd5 12. Nxd5 exd5 13. dxc5 bxc5 14. Bd3 Qb6
15. Bf5 Rcd8 16. a3 Nf6 17. b4 c4 18. Nd4 Bc8 19. Qa4 Bd6 20. Bxd6 Rxd6 21.
Rfd1 Bxf5 22. Nxf5 Rd7 23. e4 Qe6 24. f3 Rfd8 25. Nd4 Qb6 26. e5 Ne8 27. Kh1
Nc7 28. Nc6 Ne6 29. Nxd8 Rxd8 30. Qc2 Qc7 31. Qe2 Qc6 32. Kh2 Rc8 33. g3 d4 34.
f4 Rc7 35. f5 d3 36. fxe6 1-0

[Event "12th 4NCL Congress"]
[Site "Harrogate"]
[Date "2017.01.07"]
[Round "2"]
[Board "16"]
[White "Whale, Michael"]
[Black "Raghavendra, Mahima G"]
[Result "1-0"]
[WhiteElo "1808"]
[BlackElo "1517"]
[PlyCount "60"]
[EventDate "2017.01.06"]
[EventRounds "5"]
[EventCountry "ENG"]

1. e4 e6 2. d4 d5 3. Nc3 Nf6 4. e5 Nfd7 5. Nf3 Be7 6. Be3 a6 7. Bd3 c5 8. b3
cxd4 9. Bxd4 Nc6 10. Be2 Qc7 11. O-O O-O 12. Re1 Nxd4 13. Qxd4 Bc5 14. Qd3 Bb4
15. Ng5 f5 16. Nxd5 Nxe5 17. Nxc7 Nxd3 18. Bxd3 Bxe1 19. Nxa8 Ba5 20. Rd1 h6
21. Nf3 b5 22. b4 Bd8 23. Ne5 Re8 24. Nc6 Bb7 25. Nxd8 Bxa8 26. Nxe6 Rxe6 27.
Bxf5 Re5 28. Bd3 Bc6 29. f4 Re8 30. Bg6 Re7 1-0

[Event "12th 4NCL Congress"]
[Site "Harrogate"]
[Date "2017.01.07"]
[Round "2"]
[Board "17"]
[White "Dennison, Warren B"]
[Black "May, Paul"]
[Result "1/2-1/2"]
[WhiteElo "1937"]
[BlackElo "1795"]
[PlyCount "70"]
[EventDate "2017.01.06"]
[EventRounds "5"]
[EventCountry "ENG"]

1. e4 c5 2. Nf3 a6 3. c4 e6 4. d4 cxd4 5. Nxd4 Qc7 6. Nc3 Nf6 7. f3 Nc6 8. Be3
Bb4 9. Qb3 Bd6 10. g3 O-O 11. Rd1 Na5 12. Qa4 b6 13. Be2 Bb7 14. Ndb5 axb5 15.
Nxb5 Bxg3+ 16. hxg3 Qxg3+ 17. Bf2 Qe5 18. Bxb6 Nc6 19. Qb3 d5 20. cxd5 exd5 21.
exd5 Rae8 22. Rd2 Na5 23. Qa4 Nxd5 24. Bxa5 Nf4 25. Qc2 g6 26. Bc7 Qxb5 27.
Bxf4 Bxf3 28. Kf2 Rxe2+ 29. Kxf3 Rxd2 30. Bxd2 Re8 31. Re1 Qh5+ 32. Kf2 Qh4+
33. Kf1 Qh3+ 34. Kg1 Qg3+ 35. Kf1 Qf3+ 1/2-1/2